000 00594nam a2200205Ia 4500
003 GCL
008 140319s9999 xx 000 0 eng d
040 _aGCL /
_cGCL
082 0 4 _a759.952
_bT T
100 1 _aTAKEUCHI, MELINA
245 1 0 _aTAIGA'S TRUE VIEWS: THE LANGUAGE OF LANDSCAPE PAINTING IN EIGHTEETH CENTURY JAPAN /
_cTAKEUCHI, MELINA
260 _a[S.N] :
_bSTANFORD UNIVERSITY PRESS ،
_c1992
650 0 4 _aART JAPANESE
650 0 4 _aARTS
650 0 4 _aHISTORY AND CRITICISM
650 0 4 _aPAINTING
650 0 4 _aPAINTERS
650 0 4 _aIKO TAIGA, 1733-1776
942 _2ddc
_cBK
999 _c19076
_d19076